000 00294nam a22001337a 4500
008 171107b xxu||||| |||| 00| 0 eng d
020 _a9780072850536
041 _aeng
080 _a3300.722.6
100 _a62
101 _aKON
245 _aFINANCIAL ACCOUTING
_cLIBBY.L
942 _2udc
_cBK
999 _c38023
_d38023